Normal view
MARC view
- Energatic and Material Surface Engineering MS-Thesis.
Entry Topical Term
001 - CONTROL NUMBER
- control field: 28406
003 - CONTROL NUMBER IDENTIFIER
- control field: NUST
005 - DATE AND TIME OF LATEST TRANSACTION
- control field: 20200210115645.0
008 - FIXED-LENGTH DATA ELEMENTS
- fixed length control field: 200210|| aca||aabn | a|a d
040 ## - CATALOGING SOURCE
- Original cataloging agency: NUST
- Transcribing agency: NUST
150 ## - HEADING--TOPICAL TERM
- Topical term or geographic name entry element: Energatic and Material Surface Engineering MS-Thesis.
670 ## - SOURCE DATA FOUND
- Source citation: Work cat.: (NUST): Siddiqui, Faisal Naseem 28405, Synthesis and Characterization of Carbon Foam as a Fire Retardant Material /, 2013.
